00855 2200301 4500001002100000005001500021035002000036007000300056040001700059100002800076245012700104300003400231504002600265020001800291041000800309082000800317084001400325090001900339264002800358336002100386337003000407338002300437650001000460850001000470008004100480990001600521990001600537INLIS00000000000646820260412125550 a0010-0422000073ta aSBPUPADbind0 aEgas MuzakihePengarang1 aEnsiklopedia Kamus Lengkap Sinonim Antonim :bUntuk SD, SMP, SMA, Mahasiswa dan Umum /cEgas Muzakih ; editor, Tere Huwang a272 hlm. :bilus. ;c16x21 cm aBibliografi, hlm 272 a602-7649-12-70 aind a403 a403 MUS k a403 MUS k L1-1 a.--Jakarta :bHB,c2013 2rdacontentaTeks 2rdamediaaTanpa Perantara 2rdacarrieravolume 4aKamus aPUPAD260412 0  a1303/B/2013 a1302/B/2013